000 00359pam a2200157a 44500
008 230515b2018 xxu||||| |||| 00| 0 eng d
020 _a9789386827227
041 _aENGLISH
082 _a610
100 _aMANIVANNAN
245 _aTEXTBOOK OF COMMUNITY HEALTH NURSING VOL-2
250 _a1
260 _a
_bC B S
_c2018
300 _a294
650 _aNULL
999 _c532380
_d532380